Online
Catalog

El guión en emisiones informativas / (Record no. 2375)

MARC details
000 -CABECERA
campo de control de longitud fija 00673cam a2200193 a 4500
001 - NÚMERO DE CONTROL
campo de control 000002539
005 - FECHA Y HORA DE LA ÚLTIMA TRANSACCIÓN
campo de control 20200929150217.0
008 - DATOS DE LONGITUD FIJA--INFORMACIÓN GENERAL
campo de control de longitud fija 980624s1989 cu 001 0 spa d
040 ## - FUENTE DE LA CATALOGACIÓN
Centro catalogador/agencia de origen DO-SdBNP
Lengua de catalogación spa
Centro/agencia transcriptor BNPHU
082 ## - NÚMERO DE LA CLASIFICACIÓN DECIMAL DEWEY
Número de clasificación 791.447
Número de documento/Ítem L864g
100 1# - ENTRADA PRINCIPAL--NOMBRE DE PERSONA
Nombre de persona López Alvarez, Roberto.
9 (RLIN) 7980
245 13 - MENCIÓN DE TÍTULO
Título El guión en emisiones informativas /
Mención de responsabilidad, etc. Roberto López Alvarez; edición de Fermín Romero Alfau.
260 ## - PUBLICACIÓN, DISTRIBUCIÓN, ETC.
Lugar de publicación, distribución, etc. La Habana :
Nombre del editor, distribuidor, etc. Pablo de la Torriente,
Fecha de publicación, distribución, etc. 1989.
300 ## - DESCRIPCIÓN FÍSICA
Extensión 91 p. ;
Dimensiones 20 cm.
490 1# - MENCIÓN DE SERIE
Mención de serie Técnicas de periodismo
Designación de volumen o secuencia no. 25
650 #4 - PUNTO DE ACCESO ADICIONAL DE MATERIA--TÉRMINO DE MATERIA
Término de materia o nombre geográfico como elemento de entrada Guiones radiofónicos
9 (RLIN) 7981
700 1# - PUNTO DE ACCESO ADICIONAL--NOMBRE DE PERSONA
Nombre de persona Romero Fermín, Alfau,
Término indicativo de función/relación ed.
9 (RLIN) 7982
830 #0 - PUNTO DE ACCESO ADICIONAL DE SERIE-TÍTULO UNIFORME
Título uniforme Técnicas de periodismo;
Designación de volumen o secuencia no. 25
9 (RLIN) 7983
Holdings
Estado de retiro Estado de pérdida Restricciones de uso No para préstamo Código de colección Localización permanente Ubicación/localización actual Ubicación en estantería Fecha de adquisición Número de inventario Total de préstamos Signatura topográfica completa Código de barras Fecha visto por última vez Precio válido a partir de Tipo de ítem Koha
    Préstamo interno   Monografías: Libros y Folletos General General En catalogación 23.07.2009 LF1   791.447 L864g 2539-10 25.06.2020 25.06.2020 Préstamo interno

Powered by Koha